UM Logo

Science solitaire: (Record no. 2230)

MARC details
000 -LEADER
fixed length control field 00555nam a22001577a 4500
008 - FIXED-LENGTH DATA ELEMENTS--GENERAL INFORMATION
fixed length control field 160503b xxu||||| |||| 00| 0 eng d
020 ## - INTERNATIONAL STANDARD BOOK NUMBER
International Standard Book Number 978-971-550-512-3
082 ## - DEWEY DECIMAL CLASSIFICATION NUMBER
Edition number 2006
Classification number DFil 502
Item number G16s
100 ## - MAIN ENTRY--PERSONAL NAME
9 (RLIN) 7298
Personal name Garcia, Maria Isabel.
245 ## - TITLE STATEMENT
Title Science solitaire:
Remainder of title essays on science, nature and becoming human/
Statement of responsibility, etc. Maria Isabel Garcia.
260 ## - PUBLICATION, DISTRIBUTION, ETC. (IMPRINT)
Place of publication, distribution, etc. Quezon City:
Name of publisher, distributor, etc. Ateneo de Manila University Press,
Date of publication, distribution, etc. c2006.
300 ## - PHYSICAL DESCRIPTION
Extent 253 pages;
Dimensions 23 cm.
650 #0 - SUBJECT ADDED ENTRY--TOPICAL TERM
9 (RLIN) 7299
Topical term or geographic name as entry element Science
General subdivision Miscellanea.
650 #0 - SUBJECT ADDED ENTRY--TOPICAL TERM
9 (RLIN) 7300
Topical term or geographic name as entry element Natural history
General subdivision Miscellanea.
942 ## - ADDED ENTRY ELEMENTS (KOHA)
Source of classification or shelving scheme Dewey Decimal Classification
Koha item type Filipiniana
Holdings
Withdrawn status Lost status Source of classification or shelving scheme Damaged status Not for loan Collection code Home library Current library Date acquired Source of acquisition Total Checkouts Full call number Barcode Date last seen Copy number Price effective from Koha item type
    Dewey Decimal Classification     Filipiniana UM Digos College - LIC UM Digos College - LIC 04/10/2008 Purchased   DFil 502 G16s 2006 19392 05/15/2025 1 05/03/2016 Filipiniana
    Dewey Decimal Classification     Filipiniana UM Digos College - LIC UM Digos College - LIC 04/10/2008 Purchased   DFil 502 G16s 2006 19253 05/15/2025 3 05/03/2016 Filipiniana